00955nam a2200253 i 450000100060000000300090000600500170001500700030003200800410003502000180007604000220009408000330011610000380014924500690018726000660025630000220032249000340034460000680037871000410044683000420048785200330052999900170056295201220057918919ES-MaACL20231220171001.0t|020410s2001 sp ||||0| spa j a84-87311-17-2 aM-BN bspa cM-BN a821.134.2 Chamizo, Luis 1.061 aRebollo Sánchez, Félix99571310aNueva perspectiva de Luis Chamizo / cFélix Rebollo Sánchez. aMadrid : bAsociación Cultural Beturia : bBeturia, c2001. a261 p. ; c22 cm.1 aColección La quintana ; v304aChamizo, Luis,d1894-1945-xCrítica e interpretación9378802 aAsociación Cultural Beturia.915300 aColección La quintana ; v39227339 aES-MaACLjL-25398 bR.130366 c18919d18919 00104070aATENEOMbATENEOMcDEPO2d2008-01-17eSCl0oL-25398p1019357r2023-02-23 00:00:00w2023-02-23yMONOGRAFIA